Communication for the Development in the third World (Record no. 4787)

MARC details
000 -LEADER
fixed length control field 00421nam a22001697a 4500
005 - DATE AND TIME OF LATEST TRANSACTION
control field 20160629171531.0
008 - FIXED-LENGTH DATA ELEMENTS--GENERAL INFORMATION
fixed length control field 160629b xxu||||| |||| 00| 0 eng d
020 ## - INTERNATIONAL STANDARD BOOK NUMBER
ISBN 0-7619-9476-9
041 ## - LANGUAGE CODE
Language code of text/sound track or separate title eng
082 ## - DEWEY DECIMAL CLASSIFICATION NUMBER
Item number 10878
100 ## - MAIN ENTRY--AUTHOR NAME
Personal name Malkote, Sriniwas R and others
245 ## - TITLE STATEMENT
Title Communication for the Development in the third World
260 ## - PUBLICATION, DISTRIBUTION, ETC. (IMPRINT)
Name of publisher Sage
300 ## - PHYSICAL DESCRIPTION
Number of Pages 367
650 ## - SUBJECT ADDED ENTRY--TOPICAL TERM
Topical Term Management
942 ## - ADDED ENTRY ELEMENTS (KOHA)
Koha item type Books
Holdings
Lost status Damaged status Collection code Home library Current library Shelving location Date acquired Cost, normal purchase price Full call number Accession Number Koha item type
    LIFE SKILL JRU Library JRU Library SHELF-102-G 29/06/2016 340.00 10878 10878 Books